| 000 | 00737nam a22002177a 4500 | ||
|---|---|---|---|
| 999 |
_c9763 _d9763 |
||
| 003 | AR-CdUCM | ||
| 008 | 190328b ||||| |||| 00| 0 spa d | ||
| 040 |
_aMUNICIPALIDAD PROVINCIAL DEL CUSCO _cBIBLIOTECA MUNICIPAL DEL CUSCO |
||
| 082 |
_a985.033 / 1943 / _bSA161 |
||
| 100 |
_aSalas y S., Juan de la Cruz _99950 |
||
| 245 | _aMi kuraka Tupak Amaro / | ||
| 260 |
_aHuaro, Quispicanchi : _bTip. Vilcanota, _c1943. |
||
| 300 |
_a114 páginas ; _c17 cm. |
||
| 500 | _aObra premiada en los juegos florales de 1942, Cusco. | ||
| 505 | _aContenido: Revolución de Túpac Amaru. | ||
| 650 |
_aRevolución de Túpac Amaru _915410 |
||
| 650 |
_aQuispichanchis _926192 |
||
| 650 |
_aTungasuca _926193 |
||
| 942 |
_2ddc _cLIBROS |
||
| 945 | _adavv | ||